| 000 -CABECERA |
| Longitud fija campo de control |
00813nam a22001937a 4500 |
| 003 - IDENTIFICADOR DEL NÚMERO DE CONTROL |
| Identificador del número de control |
OSt |
| 005 - FECHA Y HORA DE LA ÚLTIMA TRANSACCIÓN |
| Fecha y hora de la última transacción |
20130613122150.0 |
| 008 - CÓDIGOS DE INFORMACIÓN DE LONGITUD FIJA |
| Códigos de información de longitud fija |
130613s2009 mx ||||| |||| 00| 0 spa d |
| 040 ## - FUENTE DE LA CATALOGACIÓN |
| Centro transcriptor |
CDMR |
| 245 00 - MENCIÓN DE TÍTULO |
| Título |
Hacia la construcción de un periodismo no sexista |
| Mención de responsabilidad, etc. |
[investigación y redacción, Hena Carolina Velázquez Vargas] |
| 260 ## - PUBLICACIÓN, DISTRIBUCIÓN, ETC. (PIE DE IMPRENTA) |
| Lugar de publicación, distribución, etc. |
[Ciudad de México] |
| Nombre del editor, distribuidor, etc. |
Comunicación e Información de la Mujer, AC (CIMAC) |
| Fecha de publicación, distribución, etc. |
2009 |
| 300 ## - DESCRIPCIÓN FÍSICA |
| Extensión |
146 p. |
| 500 ## - NOTA GENERAL |
| Nota general |
A la coberta: UNESCO, Organización de las Naciones Unidas para la Educación, la Ciencia y la Cultura |
| 650 04 - PUNTO DE ACCESO ADICIONAL DE MATERIA - TÉRMINO DE MATERIA |
| 9 (RLIN) |
3769 |
| Término de materia o nombre geográfico como elemento inicial |
Sexisme en els mitjans de comunicació de massa |
| 650 04 - PUNTO DE ACCESO ADICIONAL DE MATERIA - TÉRMINO DE MATERIA |
| 9 (RLIN) |
3158 |
| Término de materia o nombre geográfico como elemento inicial |
Periodisme i llenguatge |
| 700 1# - PUNTO DE ACCESO ADICIONAL - NOMBRE DE PERSONA |
| 9 (RLIN) |
3770 |
| Nombre de persona |
Velázquez Vargas, Hena Carolina |
| 710 2# - PUNTO DE ACCESO ADICIONAL - NOMBRE DE ENTIDAD |
| 9 (RLIN) |
3771 |
| Nombre de entidad o nombre de jurisdicción como elemento inicial |
Comunicación e Información de la Mujer, AC (Mèxic) |
| 942 ## - ENTRADA DE ELEMENTOS AGREGADOS (KOHA) |
| Fuente de clasificaión o esquema |
|
| Koha [por defecto] tipo de item |
Monografies |